00307nam a2200097Ia 4500008004100000100001600041245004400057245002300101260000900124856007600133160531s9999 xx 000 0 und d aHuang, Cai. aProtein Phosphorylation in Human Health cby Cai Huang (ed.) c2012 uhttp://www.intechopen.com/books/protein-phosphorylation-in-human-health